Normal view
MARC view
Entry Topical Term
001 - CONTROL NUMBER
- control field: 55780
003 - CONTROL NUMBER IDENTIFIER
- control field: OSt
005 - DATE AND TIME OF LATEST TRANSACTION
- control field: 20250728105616.0
008 - FIXED-LENGTH DATA ELEMENTS
- fixed length control field: 250728|| aca||aabn | a|a d
040 ## - CATALOGING SOURCE
- Original cataloging agency: OSt
- Transcribing agency: OSt
150 ## - HEADING--TOPICAL TERM
- Topical term or geographic name entry element: Women—Education—India, Women—Employment—India, Women—Social conditions—India, Sex role—India, Patriarchy—India, Women—Delhi (India), Women—Urban residence—India, Women—Vocational guidance—India, Women—Higher education—India, Women—Economic conditions—India, Women—Cultural aspects—India, Women—Family relationships—India, Women—Social status—India, Women—Work and family—India, Women—Attitudes—India, Women—Psychology—India, Women—Identity—India, Women—Self-perception—India, Women—Social norms—India, Women—Respectability—India
670 ## - SOURCE DATA FOUND
- Source citation: Work cat.: (OSt)526963: Devi, Rama and Ray, Sawmya 55779, We know what is good for her: Hunar, and respectable work for women
